000 02605nam a2200517 a 4500
001 ebr10514522
003 CaPaEBR
006 m u
007 cr cn|||||||||
008 991221s2000 miua sb 001 0ceng d
010 _z 99050969
020 _z0870135139 (pbk. alk. paper)
020 _z9780870135132
020 _z9780870139048 (e-book)
040 _aCaPaEBR
_cCaPaEBR
035 _a(OCoLC)649706834
043 _an-us-mi
_an-us-ks
050 1 4 _aF574.B47
_bG73 2000eb
082 0 4 _a977.4/11
_221
100 1 _aGraham, Adeline,
_d1864-1934.
245 1 0 _aAdeline and Julia
_h[electronic resource] :
_bgrowing up in Michigan and on the Kansas frontier : diaries from 19th-century America /
_cedited by Janet L. Coryell and Robert C. Myers ; [introduction by Susan Armitage].
246 1 4 _aAdeline & Julia
260 _aEast Lansing :
_bMichigan State University Press,
_cc2000.
300 _aviii, 237 p. :
_bill.
500 _aAnnotated diaries of two young sisters, Adeline and Julia Graham, written during their adolescent years growing up in Berrien Springs, Michigan in the 1880s. Also includes Julia's diary from the year she spent homesteading with three other young women on the Kansas frontier.
504 _aIncludes bibliographical references and index.
505 0 _apt. 1. Growing up in Michigan : the diary of Adeline Graham -- pt. 2. Julia Graham's Kansas adventure : the diary of Julia Graham.
533 _aElectronic reproduction.
_bPalo Alto, Calif. :
_cebrary,
_d2012.
_nAvailable via World Wide Web.
_nAccess may be limited to ebrary affiliated libraries.
600 1 0 _aGraham, Adeline,
_d1864-1934
_vDiaries.
600 1 0 _aGraham, Julia,
_d1862-1900
_vDiaries.
650 0 _aSisters
_zMichigan
_zBerrien Springs
_vDiaries.
650 0 _aYoung women
_zMichigan
_zBerrien Springs
_vDiaries.
650 0 _aFrontier and pioneer life
_zMichigan
_zBerrien Springs.
650 0 _aFrontier and pioneer life
_zKansas
_zGreeley County.
650 0 _aYoung women
_zKansas
_zGreeley County
_vDiaries.
651 0 _aBerrien Springs (Mich.)
_vBiography.
651 0 _aBerrien Springs (Mich.)
_xSocial life and customs
_y19th century.
651 0 _aGreeley County (Kan.)
_xSocial life and customs
_y19th century.
655 7 _aElectronic books.
_2local
700 1 _aGraham, Julia,
_d1862-1900.
700 1 _aCoryell, Janet L.,
_d1955-
700 1 _aMyers, Robert C.
700 1 _aArmitage, Susan.
710 2 _aebrary, Inc.
856 4 0 _uhttp://site.ebrary.com/lib/rucke/Doc?id=10514522
_zAn electronic book accessible through the World Wide Web; click to view
999 _c122204
_d122204